| 000 | 00740nam a2200217Ia 4500 | ||
|---|---|---|---|
| 003 | GCL | ||
| 008 | 140319s9999 xx 000 0 ara d | ||
| 040 |
_aGCL / _cGCL |
||
| 082 | 0 | 4 |
_a923.3 _bم م |
| 100 | 1 | _aمحمد عبدالغنى علام | |
| 245 | 1 | 0 |
_aملوك اقتصاد القيم : _bمصريون جسدوا معنى الانتماء / _cمحمد عبدالغنى علام |
| 260 |
_aالقاهرة : _bمكتبة مدبولى |
||
| 300 |
_a372 ص: _bايض ؛ _c18 سم |
||
| 650 | 0 | 4 | _aالاقتصاد |
| 650 | 0 | 4 | _aالتراجم |
| 650 | 0 | 4 | _aالاقتصاديون المصريون |
| 650 | 0 | 4 | _aطلعت حرب |
| 650 | 0 | 4 | _aمحمد فرغلى باشا |
| 650 | 0 | 4 | _aاحمد عبود باشا |
| 942 |
_2ddc _cBK |
||
| 999 |
_c7532 _d7532 |
||